| 000 | 01120cam a22003135a 4500 | ||
|---|---|---|---|
| 001 | 17878923 | ||
| 005 | 20150812160950.0 | ||
| 008 | 130904t2014 mdua frbd 001 0 eng d | ||
| 020 | _a9781451147025 (pbk. : alk. paper) | ||
| 020 | _a1451147023 (pbk. : alk. paper) | ||
| 040 |
_aDNLM/DLC _beng _cDLC _dEG-ScBUE |
||
| 082 | 0 | 4 |
_a618.9200231 _bHAT _222 |
| 100 | 1 |
_aHatfield, Nancy T. _938314 |
|
| 245 | 1 | 0 |
_aIntroductory maternity & pediatric nursing / _cNancy T. Hatfield. |
| 246 | 3 | 0 | _aIntroductory maternity and pediatric nursing |
| 250 | _a3rd ed. | ||
| 260 |
_aBaltimore ; _aPhiladelphia : _b Wolters Kluwer/Lippincott Williams & Wilkins Health, _cc.2014. |
||
| 300 |
_axxii, 1057 p. : _bill. (chiefly col.) ; _c28 cm. |
||
| 490 | _aLippincott's practical nursing | ||
| 500 | _aGlossary : p. 994-1010. | ||
| 500 | _aIndex : p.1023-1057. | ||
| 504 | _aBibliography : p.1011-1022. | ||
| 650 | 7 |
_aMaternity nursing. _2BUEsh _912162 |
|
| 650 | 7 |
_aPediatric nursing. _2BUEsh _919967 |
|
| 651 | _2BUEsh | ||
| 653 |
_bNNUR _cJuly2015 _cAugust2015 |
||
| 655 |
_vreading book _934232 |
||
| 942 |
_2ddc _k618.9200231 HAT |
||
| 999 |
_c20132 _d20104 |
||